<?xml version="1.0" encoding="UTF-8"?>
<collection xmlns="http://www.loc.gov/MARC21/slim">
  <record>
    <leader>00000nam  2200000   4500</leader>
    <controlfield tag="001">INLIS000000000020460</controlfield>
    <controlfield tag="005">20250630113727</controlfield>
    <datafield tag="035" ind1="#" ind2="#">
      <subfield code="a">0010-0625000202</subfield>
    </datafield>
    <controlfield tag="007">ta</controlfield>
    <controlfield tag="008">250630################|##########|#|##</controlfield>
    <datafield tag="084" ind1="#" ind2="#">
      <subfield code="a">R 143 PKN II 2023</subfield>
    </datafield>
    <datafield tag="100" ind1=" " ind2="#">
      <subfield code="a">Adi Irawan</subfield>
    </datafield>
    <datafield tag="245" ind1="1" ind2="#">
      <subfield code="a">Strategi Implementasi Smart City Dalam Peningkatan Pelayanan Publik di Kabupaten Musi Rawas /</subfield>
      <subfield code="c">Adi Irawan</subfield>
    </datafield>
    <datafield tag="260" ind1="#" ind2="#">
      <subfield code="a">Jakarta :</subfield>
      <subfield code="b">Pusbangkom Pimnas dan Manajerial ASN,</subfield>
      <subfield code="c">2023</subfield>
    </datafield>
    <datafield tag="300" ind1="#" ind2="#">
      <subfield code="a">50 hlm. ;</subfield>
      <subfield code="c">30 cm</subfield>
    </datafield>
    <datafield tag="650" ind1="#" ind2="4">
      <subfield code="a">Smart City</subfield>
    </datafield>
    <datafield tag="650" ind1="#" ind2="4">
      <subfield code="a">Pelayanan publik</subfield>
    </datafield>
    <datafield tag="520" ind1="#" ind2="#">
      <subfield code="a">Untuk mendukung pelaksanaan smart city diperlukan suatu tata kelola yang baik sehingga dapat memecahkan masalah tersebut melalui enam smart seperti smart government, smart branding, smart economy, smart living, smart society dan smart environment. Masing-masing smart tersebut akan fokus terhadap masalah dan solusi dengan melihat potensi daerah di Kabupaten Musi Rawas. Proper ini akan membuat suatu aplikasi terintegrasi yang dapat digunakan oleh aparatur dan masyarakat dalam pelayanan pemerintahan dan publik dan peningkatan tata kelola dengan tertibnya Peraturan Bupati Tentang Masterplan Smart City Tahun 2023-2031 di Kabupaten Musi Rawas.</subfield>
    </datafield>
    <datafield tag="990" ind1="#" ind2="#">
      <subfield code="a">2407143</subfield>
    </datafield>
  </record>
</collection>
